000 00544nam a2200181 i 4500
001 35423
003 ES-MaACL
005 20230906155127.0
007 t|
008 030213s1950 sp ||||1| spa d
100 1 _aBorja y Borja, Ramiro.
_930506
245 1 0 _aDerecho constitucional ecuatoriano /
_cRamiro Borja y Borja.
260 _a[Madrid] :
_bCultura Hispánica,
_c1950 (
_fMarsiega)
300 _a3 v. ;
_c21 cm.
594 _aVol. 3: apéndice.
650 4 _aDerecho constitucional-
_zEcuador.
_9172646
852 _aES-MaACL
_jD-7660-62
999 _c35423
_d35423